Coldest World Capitals Today, October 23 - Statistics

General Stats
  • This quiz has been taken 54 times
  • The average score is 15 of 21
Answer Stats
°C °F Capital % Correct
11 52 Helsinki
100%
12 54 Stockholm
100%
4 39 Moscow
98%
12 54 Riga
96%
11 52 Tallinn
96%
5 41 Reykjavik
93%
11 52 Vilnius
91%
11 52 Warsaw
91%
9 48 Ottawa
89%
8 46 Kiev
84%
10 50 Ulaanbaatar
84%
8 46 Minsk
82%
-4 25 Astana
71%
12 54 Chișinău
60%
10 50 Tashkent
58%
4 39 Bishkek
51%
10 50 Sarajevo
33%
9 48 Sofia
29%
9 48 Pristina
27%
11 52 Skopje
27%
12 54 San Marino
24%
No matching quizzes found
Score Distribution
Percent of People with Each Score
Percentile by Number Answered
Your Score History
You have not taken this quiz